[Event "Moscow op-E"]
[Site "Moscow"]
[Date "2011.01.29"]
[Round "1.45"]
[White "Borodin, Stanislav"]
[Black "Mozharov, Mikhail"]
[Result "0-1"]
[WhiteElo "2032"]
[BlackElo "2472"]
[PlyCount "88"]
[EventDate "2011.01.29"]
[EventType "swiss"]
[EventRounds "9"]
[EventCountry "RUS"]
[SourceTitle "EXT 2022"]
[Source "ChessBase"]
[SourceDate "2021.10.06"]
[SourceVersion "1"]
[SourceVersionDate "2021.10.06"]
[SourceQuality "1"]

1. Nf3 Nf6 2. d4 e6 3. e3 c5 4. Bd3 Nc6 5. Nbd2 d5 6. b3 cxd4 7. exd4 Qa5 8. Bb2 Ba3 9. Qc1 Bxb2 10. Qxb2 Ne4 11. a3 Nxd2 12. Nxd2 0-0 13. Rd1 Bd7 14. 0-0 Ne7 15. c4 dxc4 16. bxc4 Bc6 17. Be4 Rfd8 18. Bxc6 bxc6 19. Nf3 Rab8 20. Qa2 Nf5 21. Rd3 Qa4 22. h3 h6 23. Rfd1 c5 24. dxc5 Qxd1+ 25. Rxd1 Rxd1+ 26. Kh2 Rd7 27. g4 Nd4 28. Nxd4 Rxd4 29. Qc2 Rd7 30. Qa4 Rc7 31. Qa5 Rbc8 32. Kg2 Rxc5 33. Qxa7 Rxc4 34. a4 R4c7 35. Qb6 Rd7 36. Qa6 Rdd8 37. a5 Ra8 38. Qb6 Rd7 39. h4 Rda7 40. g5 hxg5 41. hxg5 Rxa5 42. Qe3 g6 43. Qd2 Rd5 44. Qc1 Rf5 0-1

[Event "Moscow op-B"]
[Site "Moscow"]
[Date "2009.02.05"]
[Round "6"]
[White "Borodin, Stanislav"]
[Black "Seregin, Alexey"]
[Result "1-0"]
[WhiteElo "2077"]
[BlackElo "1916"]
[PlyCount "109"]
[EventDate "2009.01.31"]
[EventType "swiss"]
[EventRounds "9"]
[EventCountry "RUS"]
[SourceTitle "EXT 2012"]
[Source "ChessBase"]
[SourceDate "2011.11.24"]
[SourceVersion "1"]
[SourceVersionDate "2011.11.24"]
[SourceQuality "1"]

1. Nf3 Nf6 2. c4 c6 3. g3 d5 4. cxd5 cxd5 5. d4 Nc6 6. Bg2 e6 7. Nc3 Bb4 8. 0-0 0-0 9. a3 Bxc3 10. bxc3 Ne4 11. Qc2 Na5 12. Nd2 Nxd2 13. Bxd2 Nc4 14. Bf4 b6 15. e4 Bb7 16. e5 Rc8 17. Rfc1 Qe7 18. Qd1 f5 19. exf6 Qxf6 20. Rc2 Qf5 21. Re2 g5 22. Bc1 Ba6 23. Qe1 Rf6 24. Raa2 h6 25. h3 Rcf8 26. f4 g4 27. hxg4 Qxg4 28. Kh2 Bc8 29. Bh3 Qg6 30. g4 Qd3 31. Rg2 Rg6 32. Rg3 Qe4 33. Re2 Qb1 34. g5 hxg5 35. fxg5 Re8 36. Bg4 Re7 37. Rh3 Rh7 38. Rxh7 Kxh7 39. Qh4+ Kg7 40. Bf4 e5 41. Bxc8 exf4 42. Qxf4 Nd6 43. Rf2 Qe4 44. Qf8+ Kh7 45. Bh3 Qe3 46. Rf7+ Nxf7 47. Qxf7+ Kh8 48. Qxg6 Qf2+ 49. Kh1 Qe1+ 50. Kg2 Qd2+ 51. Kf3 Qd1+ 52. Kf4 Qd2+ 53. Kf5 Qd3+ 54. Kf6 Qf3+ 55. Bf5 1-0